000 00601nam a22001817a 4500
999 _c192303
_d192303
010 _aENG-135103
020 _c650.00
_a9789384721824
035 _aEN-118635
037 _bDBAD / PUB
082 _a100
100 _aBhattacharya,Susmita
245 _aHuman existence:Crisis and Beyond /
_cby Susmita Bhattacharya
_bvisions of sri Aurobindo and Soren Kierkegaard
260 _aKolkata
_bMaha Bodhi Book Agency
_c2022
270 _a4A,Bankim Chatterjee Street College Square,
_bKolkata
_e700073
300 _a324p.
_c22cm(Hb)
650 _aSikhism
942 _2ddc
_cEN
_mBHA
_h100